Kronländer Österreich-Ungarns im Jahr 1914 auf einer Karte - Statistiken

Allgemein
  • Dieses Quiz wurde 140 mal gespielt
  • Das Durchschnittsergebnis liegt bei 13 aus 18
Antworten auf der Karte
Die Antworten werden auf der Karte rot bzw. grün angezeigt, abhängig davon wie oft sie richtig erraten wurden.
 
Antwortstatistiken
Flag Capital % Korrekt
Ungarn
98%
Kroatien-Slawonien
96%
Bosnien und Herzegowina
95%
Tirol
93%
Böhmen
90%
Salzburg
90%
Oberösterreich
84%
Steiermark
83%
Niederösterreich
81%
Kärnten
79%
Mähren
79%
Vorarlberg
79%
Dalmatien
66%
Galizien und Lodomerien
63%
Schlesien
60%
Bukowina
40%
Krain
37%
Küstenland
21%
Keine übereinstimmenden Quizze gefunden
Verteilung der Resultate
Anzahl Personen mit jedem Resultat
Perzentil nach korrekt beantworteten Fragen
Ihre Resultats-Entwicklung
Sie haben dieses Quiz noch nicht gespielt